Machine Learning For Developers (Record no. 348465)

MARC details
000 -LEADER
fixed length control field 00520nam a2200169Ia 4500
008 - FIXED-LENGTH DATA ELEMENTS--GENERAL INFORMATION
fixed length control field 230718s9999 xx 000 0 und d
020 ## - INTERNATIONAL STANDARD BOOK NUMBER
International Standard Book Number 9781786469878
041 ## - LANGUAGE CODE
Language code of text/sound track or separate title eng
082 ## - DEWEY DECIMAL CLASSIFICATION NUMBER
Classification number 006.31
Item number BON
100 ## - MAIN ENTRY--PERSONAL NAME
Personal name Bonnin R.
245 ## - TITLE STATEMENT
Title Machine Learning For Developers
Remainder of title Uplift Your Regular Applications With The Power Of Statistics, Analytics, And Machine Learning
260 ## - PUBLICATION, DISTRIBUTION, ETC. (IMPRINT)
Date of publication, distribution, etc. 2017
Name of publisher, distributor, etc. Packt
300 ## - PHYSICAL DESCRIPTION
Extent 250
365 ## - TRADE PRICE
Currency code Rs.
Price amount 799.00
700 ## - ADDED ENTRY--PERSONAL NAME
Personal name Bonnin R.
906 ## - LOCAL DATA ELEMENT F, LDF (RLIN)
d O:0611514-Sep-2018B:TI/201800260
c TIT
b 2397
Holdings
Withdrawn status Lost status Damaged status Not for loan Home library Current library Date acquired Vendor Budget Code Cost, normal purchase price Bill number Total Checkouts Full call number Barcode Date last seen Discount Cost, replacement price Bill Date Koha item type Original Barcode
        Cummins College of Engineering for Women Pune Cummins College of Engineering for Women Pune 14/09/2018 GIST - Global Information Systems Technology TIT 559.30 TI/201800260   006.31 CCEP-BK-59672 18/07/2023 2397 799.00 18/07/2023 Books 059672